000 00467nam a2200169Ia 4500
003 GCL
008 140319s9999 xx 000 0 eng d
040 _aGCL /
_cGCL
082 0 4 _a758
_bTH
100 1 _aTOLY, SUSAN BRACAGLIA
245 1 0 _aART OF MOTHERHOOD /
_cTOLY, SUSAN BRACAGLIA
260 _a[S.N] :
_bABBEVILLE PRESS PUBLISHERS ،
_c1991
300 _a180
650 0 4 _aMOHTER AND CHILID IN ART CATAS
650 0 4 _aMOTHER IN ART CATALOGS
942 _2ddc
_cBK
999 _c11580
_d11580